| 000 | 01315nam a2200361 i 4500 | ||
|---|---|---|---|
| 001 | 197865 | ||
| 003 | ES-MaACL | ||
| 005 | 20251016163653.0 | ||
| 007 | ta | ||
| 008 | 251013s1980 cu ||||| |||| 001 0 spa d | ||
| 040 |
_bspa _cES-MaACL |
||
| 080 | _a32 Sandino, Augusto César | ||
| 080 | _a981.2"1909/1937" | ||
| 100 | 1 |
_9242348 _aSandino, Augusto César, _d1895-1934 _eaut |
|
| 245 | 1 | 3 |
_aEl pensamiento vivo de Sandino / _c[Augusto César Sandino] ; selección y notas Sergio Ramírez. |
| 264 |
_aLa Habana (Cuba) : _bCasa de las Américas, _c1980 |
||
| 300 |
_a322 páginas ; _c23 cm |
||
| 336 |
_2rdacontent _aTexto |
||
| 337 |
_2rdamedia _asin mediación |
||
| 338 |
_2rdacarrier _avolumen |
||
| 490 | 1 | _aColección Pensamiento de Nuestra América | |
| 504 | _aBibliografía: páginas 321-322. Índice. | ||
| 594 | _aAutor tomado de la anteportada. | ||
| 600 | 1 | 0 |
_9242348 _aSandino, Augusto César, _d1895-1934 |
| 651 | 0 |
_9242346 _aNicaragua- _xHistoria- _y1909-1937 |
|
| 651 | 0 |
_9242347 _aNicaragua- _xHistoria- _y1926-1929 (Revolución) |
|
| 700 | 1 |
_9242345 _aRamírez, Sergio, _d1942- _eedt |
|
| 852 |
_aES-MaACL _cDEPO1 _jA-15771 _xEncuadernación rústica _9206820 |
||
| 942 |
_cMONOGRAFIA _n0 |
||
| 999 |
_c197865 _d197865 |
||